| 000 | 01711cam a2200313 a 4500 | ||
|---|---|---|---|
| 999 |
_c127900 _d127900 |
||
| 001 | 15336166 | ||
| 003 | ARRUPE | ||
| 005 | 20180411120311.0 | ||
| 008 | 080619s2008 enkabh b 001 0 eng | ||
| 010 | _a 2008027474 | ||
| 015 |
_aGBA880703 _2bnb |
||
| 016 | 7 |
_a014652384 _2Uk |
|
| 020 | _a9781846450327 (alk. paper) | ||
| 020 | _a1846450322 (alk. paper) | ||
| 035 | _a(OCoLC)ocn181602585 | ||
| 040 |
_aDLC _cDLC _dYDX _dUKM _dBTCTA _dYDXCP _dBAKER _dBWK _dBWX _dWIQ _dKAT _dDLC |
||
| 043 | _af------ | ||
| 050 | 0 | 0 |
_aBV3500 _b.B24 2008 |
| 082 | 0 | 0 |
_a266.0096 _222 |
| 100 | 1 |
_aBallard, Martin. _941429 |
|
| 245 | 1 | 0 |
_aWhite men's God : _bthe extraordinary story of missionaries in Africa / _cMartin Ballard. |
| 260 |
_aOxford, England ; _bGreenwood World Pub., _c2008. |
||
| 300 |
_axiii, 318 p. : _bill., 1 facsim., maps ; _c24 cm. |
||
| 504 | _aIncludes bibliographical references and index. | ||
| 505 | 0 | _aWhite men's God -- The foundation of happiness -- Knowing one's place as a Negro -- A crucifix and a breviary -- Stolen country -- The cheapest and best military posts -- The rewards of great sanctity -- Pitching tents in the interior -- Losing it or ruling it -- If this is civilisation, what is barbarism? -- Black men's God -- Keep the flag flying -- The path in the thicket. | |
| 650 | 0 |
_aMissions _zAfrica _xHistory. _917449 |
|
| 856 | 4 | 1 |
_3Table of contents only _uhttp://www.loc.gov/catdir/toc/ecip0822/2008027474.html |
| 906 |
_a7 _bcbc _corignew _d1 _eecip _f20 _gy-gencatlg |
||
| 942 |
_2lcc _cMONOGRAPH |
||